00394 2200181 4500001002100000008004100021035002000062245002100082100000800103250000600111260002500117300001100142084001400153082000800167650001300175990001200188990001200200INLIS000000000000696 ind  a0010-0424000672 aPasar ModalcOJK aOJK a1 aJakarta :bOJKc2014 a23 hlm a300 OJK p a300 aNonfiksi a0721867 a0721868